Statistics for Supercar Picture Quiz!

Click here to take the quiz!

General Stats

  • This quiz has been taken 1,013 times
  • The average score is 12 of 15

Answer Stats

Answer% Correct
Lamborghini
97%
Bugatti
96%
McLaren
95%
Ferrari
94%
Porsche
94%
Maserati
82%
Audi R8
79%
Ford GT
79%
Pagani
78%
Koenigsegg
76%
Subaru
75%
Jaguar
71%
Aston Martin
69%
Ford Mustang
69%
Chevrolet Camaro
61%

Score Distribution

Percentile by Number Answered

Percent of People with Each Score

Your Score History

You have not taken this quiz